000 00411nam a2200181Ia 4500
001 13712
005 20260306164821.0
008 260306t2009||||xx |||||||||||||| ||spa||
041 _aESP
082 _a005.133A
_bB18
100 _aBallard, Phil
_eAUT
245 0 _aProgramación Ajax , JavaScript y PHP
260 _c2009
300 _a
_c
650 _aGEN
654 _aCCC
942 _cLIB
_dJUS
_fJUS
_2ddc
_n
999 _c13712
_d13712